|
|
|
|
| LEADER |
00000nam0a2200000 4500 |
| 001 |
275262 |
| 005 |
20231101234815.0 |
| 035 |
|
|
|a (RuTPU)RU\TPU\book\298495
|
| 090 |
|
|
|a 275262
|
| 100 |
|
|
|a 20141112d1985 km y0rusy50 ca
|
| 101 |
0 |
|
|a rus
|
| 102 |
|
|
|a UA
|
| 105 |
|
|
|a a z 001zy
|
| 200 |
1 |
|
|a Термометрическая диагностика машин
|f В. Е. Канарчук, О. Б. Деркачев, А. Д. Чигринец
|
| 210 |
|
|
|a Киев
|c Вища школа
|d 1985
|
| 215 |
|
|
|a 168 с.
|c ил.
|
| 320 |
|
|
|a Библиогр.: с. 164-167
|
| 606 |
1 |
|
|a Механизмы
|x Техническая диагностика
|2 stltpush
|3 (RuTPU)RU\TPU\subj\43526
|9 63015
|
| 610 |
1 |
|
|a термометрическая диагностика
|
| 610 |
1 |
|
|a машины
|
| 610 |
1 |
|
|a теплообмен
|
| 610 |
1 |
|
|a теплопроводность
|
| 610 |
1 |
|
|a температурные измерения
|
| 610 |
1 |
|
|a термометрия
|
| 610 |
1 |
|
|a контактная термометрия
|
| 675 |
|
|
|a 621.004.5
|v 3
|
| 700 |
|
1 |
|a Канарчук
|b В. Е.
|g Вадим Евгеньевич
|
| 701 |
|
1 |
|a Деркачев
|b О. Б.
|
| 701 |
|
1 |
|a Чигринец
|b А. Д.
|
| 801 |
|
1 |
|a RU
|b 63413507
|c 20141112
|
| 801 |
|
2 |
|a RU
|b 63413507
|c 20170329
|g RCR
|
| 942 |
|
|
|c BK
|